000
00267nam a2200109Ia 4500
001
1275980
005
20260417160438.0
008
260417s9999 xx 000 0 und d
020
_a
9786256698192
245
0
_a
Ramadan Diary
_c
Mukaddes Kutlu
260
_b
Ketebe Çocuk
999
_c
1275980
_d
1275980